Sports Quiz

Random Sports Quiz

Current 2011 RAW Roster Quiz Stats

Quiz not verified by Sporcle

Challenge
Share
Tweet
Embed
Score 0/41 Timer 15:00
0 Plays Today
% Correct
John Cena
83.8%
Alberto Del Rio
74.3%
Big Show
74.3%
CM Punk
70.3%
The Miz
70.3%
Kelly Kelly
66.2%
Triple H
63.5%
Rey Mysterio
62.2%
Dolph Ziggler
60.8%
Jerry Lawler
60.8%
R-Truth
59.5%
Beth Phoenix
58.1%
Brie Bella
58.1%
Michael Cole
58.1%
Zack Ryder
58.1%
David Otunga
56.8%
Eve Torres
56.8%
John Morrison
56.8%
Kofi Kingston
56.8%
Jack Swagger
55.4%
Nikki Bella
52.7%
% Correct
Santino Marella
48.6%
Maryse
45.9%
Mason Ryan
44.6%
Drew McIntyre
43.2%
Evan Bourne
43.2%
Kharma
43.2%
Curt Hawkins
39.2%
Justin Roberts
39.2%
Primo
36.5%
Tyler Reks
35.1%
Gail Kim
33.8%
JTG
32.4%
Ricardo Rodriguez
31.1%
Vickie Guerrero
29.7%
Goldust
27%
Scott Stanford
27%
Alex Riley
24.3%
Mr. McMahon
21.6%
Skip Sheffield
20.3%
Michael McGullicutty
14.9%

You're not logged in!

Compare scores with friends on all Sporcle quizzes.
Join for Free
OR
Log In

You Might Also Like...

Show Comments

Extras

Created May 5, 2011ReportNominate
Tags:2011, raw, Raw Roster, roster

Top Quizzes Today


Score Distribution

Your Account Isn't Verified!

In order to create a playlist on Sporcle, you need to verify the email address you used during registration. Go to your Sporcle Settings to finish the process.

Report this User

Report this user for behavior that violates our Community Guidelines.

Details: